Marcatori della Fiorentina in UEFA Europa League 2014-2015 - Statistics

Statistiche generali
  • Questo quiz è stato fatto 4 volte
  • Il punteggio medio è 15 su 21
Statistiche sulle risposte
Partita Minuto Marcatore % Corretto
Tottenham - Fiorentina 1-1 36' José Basanta
100%
Roma - Fiorentina 0-3 22' José Basanta
100%
Dinamo Minsk - Fiorentina 0-3 62' Josip Iličić
100%
Fiorentina - Roma 1-1 17' Josip Iličić
100%
Guingamp - Fiorentina 1-2 13' Khouma El Babacar
100%
Dinamo Kiev - Fiorentina 1-1 92' Khouma El Babacar
100%
Fiorentina - Tottenham 2-0 54' Mario Gómez
100%
Fiorentina - Dinamo Kiev 2-0 43' Mario Gómez
100%
Dinamo Minsk - Fiorentina 0-3 33' Alberto Aquilani
67%
Fiorentina - Guingamp 3-0 88' Federico Bernardeschi
67%
Dinamo Minsk - Fiorentina 0-3 67' Federico Bernardeschi
67%
Roma - Fiorentina 0-3 10' Gonzalo Javier Rodríguez
67%
Fiorentina - Guingamp 3-0 34' Juan Manuel Vargas
67%
PAOK - Fiorentina 0-1 36'' Juan Manuel Vargas
67%
Fiorentina - Dinamo Kiev 2-0 94' Juan Manuel Vargas
67%
Fiorentina - Tottenham 2-0 71' Mohamed Salah
67%
Fiorentina - Guingamp 3-0 67' Juan Cuadrado
33%
Fiorentina - PAOK 1-1 86' Manuel Pasqual
33%
Roma - Fiorentina 0-3 18'' Marcos Alonso
33%
Guingamp - Fiorentina 1-2 6' Marko Marin
33%
Fiorentina - Dinamo Minsk 1-2 88' Marko Marin
33%
Nessun quiz corrispondente trovato
Distribuzione punteggi
Percentuale di utenti per punteggio
Percentile per numero di risposta
I tuoi punteggi nel tempo
Non hai fatto questo quiz